000 00942nam a2200313 i 4500
001 48263
003 KOSZ 005
005 20220708125008.0
008 001010s1987 uk |001 0 eng d
020 _a0192851527
040 _cKOSZ 005
_aKOSZ 005
_dKOSZ 005/HR
041 0 _aeng
046 _k1986
080 _a94(438)
100 1 _aDavies, Norman
_d(1939- )
_eAutor
245 1 0 _aHeart of Europe :
_ba short history of Poland /
_cNorman Davies.
250 _a[Repr.].
260 _aOxford ; New York :
_bOxford University Press,
_c1987
300 _aXXV, 511 s. :
_bil. ;
_c20 cm.
380 _aKsiążki
388 _a1901-2000
388 _a1945-1989
504 _aIndeks.
651 4 _aPolska
658 _aHistoria
710 2 _aOxford University Press
_4pbl.
856 _uhttp://koha.tu.koszalin.pl/cgi-bin/koha/opac-detail.pl?biblionumber=48263
_yKatalog online BPK
942 _cKS
_2UKD
999 _c48263
_d48263